000 00543nam a2200181Ia 4500
008 100920s9999 xx 000 0 und d
082 _b104102
_a891.43 न 08
100 _aभारव्दाज उमेश.
245 _aनयी रोशनी.
260 _bअपराजिता इलाहबाद.
_c2008
300 _a144
_bसाधी
365 _b175
520 _aहिंदी.
630 _aनयी रोशनी.
650 _aहिंदी.
730 _aनयी रोशनी.
942 _cBOOK
999 _c744534
_d744531